| 000 | 00316pab a2200109 454500 | ||
|---|---|---|---|
| 008 | 180718b xxu||||| |||| 00| 0 eng d | ||
| 100 | _aHughes, Owen E. | ||
| 245 | _aThe state of the discipline (Review article) | ||
| 650 | _aPublic Administration | ||
| 773 | _aAustralian Journal of Public Administration | ||
| 909 | _a24572 | ||
| 999 |
_c24572 _d24572 |
||